000 00433nam a2200181Ia 4500
008 100917s9999 xx 000 0 und d
082 _b37311
100 _aSigmund Freud
245 _aTotem And Toboo
260 _bPenguin Books inc
_c1938
300 _a246
365 _b0
520 _aइंग्रजी
630 _aTotem And Toboo
650 _aइंग्रजी
730 _aTotem And Toboo
942 _cBOOK
999 _c642705
_d642702